[Event "EUR-ch Online 2300+ qual."]
[Site "chess.com INT"]
[Date "2020.05.29"]
[Round "1"]
[White "Golubka, Petro"]
[Black "Batsiashvili, Nino"]
[Result "1/2-1/2"]
[WhiteElo "2495"]
[BlackElo "2457"]
[WhiteFideId "-1"]
[BlackFideId "-1"]
[PlyCount "145"]
[GameId "2130307596595373"]
[EventDate "2020.05.29"]
[EventType "swiss"]
[EventRounds "8"]
[EventCountry "NET"]
[SourceTitle "10 Days #616"]
[Source "ChessMix"]
[SourceDate "2020.06.01"]
[SourceVersion "1"]
[SourceVersionDate "2020.06.01"]
[SourceQuality "1"]

1. e4 e5 2. Nf3 Nc6 3. Bb5 a6 4. Ba4 Nf6 5. d3 b5 6. Bb3 Bc5 7. a4 Rb8 8. c3 d6 9. O-O h6 10. Nbd2 O-O 11. Bc2 Ne7 12. b4 Bb6 13. Nb3 Ng6 14. Be3 Bxe3 15. fxe3 d5 16. exd5 Nxd5 17. Qe1 Qe7 18. axb5 axb5 19. Nc5 Nb6 20. Bb3 Nd7 21. d4 Nxc5 22. dxc5 Be6 23. Bc2 Bc4 24. Rf2 Nh4 25. Nd2 Bd5 26. e4 Be6 27. g3 Ng6 28. Nf1 Ra8 29. Ne3 Rxa1 30. Qxa1 Rd8 31. Qe1 Qd7 32. Qf1 Ne7 33. Qe1 g6 34. Qe2 Kg7 35. Qf3 Ng8 36. Rf1 c6 37. Rd1 Qe7 38. Rxd8 Qxd8 39. Qd1 Qg5 40. Qf3 h5 41. h4 Qd8 42. Qd1 Qf6 43. Qf1 Qe7 44. Qd1 Nh6 45. Bd3 Ng4 46. Nxg4 Bxg4 47. Qd2 Qf6 48. Qf2 Qe6 49. Qe3 Qb3 50. Qd2 Qe6 51. Qe3 Bd1 52. Qd2 Qg4 53. Qe3 Bf3 54. Kh2 Kh7 55. Qg5 Qxg5 56. hxg5 Kg7 57. Kg1 f6 58. Kf2 Bg4 59. gxf6+ Kxf6 60. c4 bxc4 61. Bxc4 Bd7 62. Be2 Kg5 63. Ba6 h4 64. gxh4+ Kxh4 65. Bb7 g5 66. b5 cxb5 67. c6 Bxc6 68. Bxc6 b4 69. Bd5 Kg4 70. Kg2 Kf4 71. Kf2 b3 72. Bxb3 Kxe4 73. Kg3 1/2-1/2

[Event "EUR-ch Online 2300+ qual."]
[Site "chess.com INT"]
[Date "2020.05.29"]
[Round "2"]
[White "Svane, Rasmus"]
[Black "Golubka, Petro"]
[Result "1/2-1/2"]
[WhiteElo "2613"]
[BlackElo "2495"]
[WhiteFideId "-1"]
[BlackFideId "-1"]
[PlyCount "104"]
[GameId "2130307596607945"]
[EventDate "2020.05.29"]
[EventType "swiss"]
[EventRounds "8"]
[EventCountry "NET"]
[SourceTitle "10 Days #616"]
[Source "ChessMix"]
[SourceDate "2020.06.01"]
[SourceVersion "1"]
[SourceVersionDate "2020.06.01"]
[SourceQuality "1"]

1. Nf3 Nf6 2. g3 g6 3. Bg2 Bg7 4. O-O O-O 5. d4 d5 6. c4 dxc4 7. Na3 Nc6 8. Nxc4 Be6 9. b3 Bd5 10. Bb2 a5 11. a4 e6 12. e3 Re8 13. Qe2 Nb4 14. Rfd1 Be4 15. Nfe5 Bxg2 16. Kxg2 c6 17. Rac1 Nfd5 18. e4 Nb6 19. Bc3 Nxc4 20. bxc4 Qc7 21. c5 f5 22. f3 fxe4 23. fxe4 b6 24. Bxb4 axb4 25. cxb6 Qxb6 26. Rxc6 Qa5 27. Qc4 Qxa4 28. Rb1 Qa2+ 29. Qxa2 Rxa2+ 30. Kh3 Bxe5 31. dxe5 Re7 32. Rxb4 Ra5 33. Kg4 Rxe5 34. Kf4 Rh5 35. h4 Rf7+ 36. Ke3 Re7 37. Rbc4 Ra5 38. Rc7 Ra7 39. Rxa7 Rxa7 40. Kf4 Kf7 41. g4 h6 42. g5 hxg5+ 43. hxg5 Ra5 44. Rc7+ Kf8 45. Rd7 Rb5 46. Ra7 e5+ 47. Kg4 Rb4 48. Kf3 Rb3+ 49. Kf2 Rb2+ 50. Kf3 Rb3+ 51. Kf2 Rb2+ 52. Kf3 Rb3+ 1/2-1/2

[Event "EUR-ch Online 2300+ qual."]
[Site "chess.com INT"]
[Date "2020.05.29"]
[Round "3"]
[White "Golubka, Petro"]
[Black "Grigoriants, Sergey"]
[Result "0-1"]
[WhiteElo "2495"]
[BlackElo "2542"]
[WhiteFideId "-1"]
[BlackFideId "-1"]
[PlyCount "74"]
[GameId "2130307596612114"]
[EventDate "2020.05.29"]
[EventType "swiss"]
[EventRounds "8"]
[EventCountry "NET"]
[SourceTitle "10 Days #616"]
[Source "ChessMix"]
[SourceDate "2020.06.01"]
[SourceVersion "1"]
[SourceVersionDate "2020.06.01"]
[SourceQuality "1"]

1. e4 c6 2. d4 d5 3. e5 Bf5 4. Nc3 e6 5. g4 Bg6 6. Nge2 c5 7. h4 h6 8. Be3 cxd4 9. Nxd4 Bb4 10. Qd2 Ne7 11. h5 Bh7 12. g5 hxg5 13. h6 Bg6 14. Bxg5 gxh6 15. Bf6 Rg8 16. a3 Ba5 17. Ndb5 Nbc6 18. Nd6+ Kd7 19. Nxb7 Qb6 20. Nxa5 Qxa5 21. Rh4 Rab8 22. b3 Bf5 23. Ra4 Qb6 24. O-O-O Rg1 25. Ra6 Qc5 26. b4 Nxb4 27. axb4 Qxb4 28. Rxa7+ Kc6 29. Bb5+ Rxb5 30. Nxb5 Rxd1+ 31. Kxd1 Qb1+ 32. Qc1 Bg4+ 33. Kd2 Qb4+ 34. Nc3 Qf4+ 35. Kd3 Qxc1 36. Rxe7 Bf5+ 37. Kd4 Qd2# 0-1

[Event "EUR-ch Online 2300+ qual."]
[Site "chess.com INT"]
[Date "2020.05.29"]
[Round "4"]
[White "Bujisho, Benjamin"]
[Black "Golubka, Petro"]
[Result "1-0"]
[WhiteElo "2290"]
[BlackElo "2495"]
[WhiteFideId "-1"]
[BlackFideId "-1"]
[PlyCount "81"]
[GameId "2130307596616367"]
[EventDate "2020.05.29"]
[EventType "swiss"]
[EventRounds "8"]
[EventCountry "NET"]
[SourceTitle "10 Days #616"]
[Source "ChessMix"]
[SourceDate "2020.06.01"]
[SourceVersion "1"]
[SourceVersionDate "2020.06.01"]
[SourceQuality "1"]

1. d4 f5 2. Bf4 Nf6 3. e3 d6 4. h3 g6 5. Nf3 Bg7 6. Be2 O-O 7. O-O h6 8. Bh2 b6 9. c4 Bb7 10. Nc3 c5 11. Qc2 Ne4 12. Rad1 Nd7 13. Nd5 g5 14. Nd2 Nxd2 15. Rxd2 cxd4 16. exd4 Rc8 17. Qb3 Kh8 18. Re1 Nf6 19. Nxf6 Bxf6 20. d5 f4 21. Bg4 Rc5 22. Qd3 Qe8 23. g3 b5 24. b3 bxc4 25. bxc4 Ba6 26. Rc2 fxg3 27. Bxg3 Bc8 28. Bxd6 Bxg4 29. hxg4 Rc8 30. Bg3 Qd7 31. Re6 Kg7 32. Rce2 Rf7 33. Be5 Qa4 34. Bxf6+ exf6 35. R2e4 Qb4 36. Qd4 a5 37. d6 Qb1+ 38. Kg2 Qxa2 39. Rxf6 Rxf6 40. Re7+ Kg6 41. Qe4+ 1-0

[Event "EUR-ch Online 2300+ qual."]
[Site "chess.com INT"]
[Date "2020.05.29"]
[Round "5"]
[White "Golubka, Petro"]
[Black "Levin, Guy"]
[Result "1-0"]
[WhiteElo "2495"]
[BlackElo "2213"]
[WhiteFideId "-1"]
[BlackFideId "-1"]
[PlyCount "80"]
[GameId "2130307596628861"]
[EventDate "2020.05.29"]
[EventType "swiss"]
[EventRounds "8"]
[EventCountry "NET"]
[SourceTitle "10 Days #616"]
[Source "ChessMix"]
[SourceDate "2020.06.01"]
[SourceVersion "1"]
[SourceVersionDate "2020.06.01"]
[SourceQuality "1"]

1. g4 d5 2. h3 e5 3. Bg2 c6 4. c4 Ne7 5. Nc3 Be6 6. Nf3 Ng6 7. d4 e4 8. Ng5 Nh4 9. Bf1 Be7 10. Qb3 Qd7 11. Ngxe4 dxe4 12. d5 b6 13. Be3 f5 14. dxe6 Qxe6 15. c5 Qxb3 16. axb3 b5 17. gxf5 Nxf5 18. Nxe4 Nxe3 19. fxe3 Nd7 20. Bg2 O-O 21. b4 Ne5 22. Rf1 Rfd8 23. Rf4 Ng6 24. Nc3 Nxf4 25. exf4 Bh4+ 26. Kf1 Rd4 27. Bxc6 Rxf4+ 28. Bf3 Rc8 29. Nd5 Rf7 30. Kg2 Rd8 31. Nc3 Rd2 32. Bd5 Rxd5 33. Nxd5 Rf2+ 34. Kg1 Rxe2 35. c6 Rc2 36. c7 Kf7 37. Nc3 Bf2+ 38. Kh1 Bg3 39. c8=Q Rh2+ 40. Kg1 Bf2+ 1-0

[Event "EUR-ch Online 2300+ qual."]
[Site "chess.com INT"]
[Date "2020.05.29"]
[Round "6"]
[White "Sunjaikin, Boris"]
[Black "Golubka, Petro"]
[Result "1-0"]
[WhiteElo "2316"]
[BlackElo "2495"]
[WhiteFideId "-1"]
[BlackFideId "-1"]
[PlyCount "107"]
[GameId "2130307596637325"]
[EventDate "2020.05.29"]
[EventType "swiss"]
[EventRounds "8"]
[EventCountry "NET"]
[SourceTitle "10 Days #616"]
[Source "ChessMix"]
[SourceDate "2020.06.01"]
[SourceVersion "1"]
[SourceVersionDate "2020.06.01"]
[SourceQuality "1"]

1. e4 c5 2. Nf3 d6 3. d4 cxd4 4. Qxd4 Nc6 5. Bb5 Bd7 6. Bxc6 Bxc6 7. Nc3 Nf6 8. Bg5 e6 9. O-O-O Be7 10. Rhe1 O-O 11. Bxf6 Bxf6 12. Qxd6 Bxc3 13. bxc3 Qb6 14. Nd4 Rac8 15. Re3 Qa5 16. Rg3 Bxe4 17. Nxe6 Qxa2 18. Nd4 Bg6 19. Qb4 Qa6 20. Kb2 Qf6 21. Rf3 Qe5 22. h3 a5 23. Qb3 Rc5 24. Qb6 a4 25. Re3 Qd5 26. g4 Ra8 27. Ka3 f6 28. Qe6+ Bf7 29. Qxd5 Rxd5 30. Re7 Rc5 31. Rd3 b5 32. Rb7 Bc4 33. Re3 Re5 34. Nf5 Rxe3 35. Rxg7+ Kh8 36. fxe3 Rd8 37. Re7 h5 38. Nd4 hxg4 39. hxg4 Rd5 40. Kb4 Rg5 41. Re4 Kg7 42. Nf5+ Kf8 43. Rf4 Be2 44. Nd4 Bxg4 45. Nxb5 Bd7 46. c4 Ke7 47. Nc3 f5 48. Nxa4 Rg3 49. Nc3 Ke6 50. Nd5 Ke5 51. Rh4 Be6 52. Kc5 Rg2 53. c3 Rg4 54. Rh8 1-0

[Event "EUR-ch Online 2300+ qual."]
[Site "chess.com INT"]
[Date "2020.05.29"]
[Round "7"]
[White "Buksa, Nataliya"]
[Black "Golubka, Petro"]
[Result "0-1"]
[WhiteElo "2410"]
[BlackElo "2495"]
[WhiteFideId "-1"]
[BlackFideId "-1"]
[PlyCount "72"]
[GameId "2130307596641458"]
[EventDate "2020.05.29"]
[EventType "swiss"]
[EventRounds "8"]
[EventCountry "NET"]
[SourceTitle "10 Days #616"]
[Source "ChessMix"]
[SourceDate "2020.06.01"]
[SourceVersion "1"]
[SourceVersionDate "2020.06.01"]
[SourceQuality "1"]

1. d4 d5 2. Nc3 Nf6 3. Bf4 c6 4. e3 Bf5 5. f3 h5 6. Bd3 Bxd3 7. Qxd3 Nbd7 8. Nge2 e6 9. e4 h4 10. O-O-O Be7 11. Kb1 Nb6 12. g3 Nc4 13. Ka1 Qa5 14. g4 O-O-O 15. Nc1 Ba3 16. bxa3 Qxa3 17. Na4 Qxa4 18. Nb3 b6 19. g5 Nd7 20. Rb1 f6 21. exd5 cxd5 22. Rhe1 Qc6 23. Nd2 e5 24. Be3 Rhe8 25. Rb4 Nxe3 26. Rxe3 fxg5 27. Nb3 Kc7 28. Qd2 Qd6 29. dxe5 Nxe5 30. Nd4 a6 31. Reb3 Nc4 32. Qxg5 Re1+ 33. Rb1 Rde8 34. Qxg7+ R8e7 35. Qg5 Qxb4 36. Qf4+ Qd6 0-1

[Event "EUR-ch Online 2300+ qual."]
[Site "chess.com INT"]
[Date "2020.05.29"]
[Round "8"]
[White "Golubka, Petro"]
[Black "Rychkov, Oleg"]
[Result "1-0"]
[WhiteElo "2495"]
[BlackElo "2407"]
[WhiteFideId "-1"]
[BlackFideId "-1"]
[PlyCount "59"]
[GameId "2130307596645741"]
[EventDate "2020.05.29"]
[EventType "swiss"]
[EventRounds "8"]
[EventCountry "NET"]
[SourceTitle "10 Days #616"]
[Source "ChessMix"]
[SourceDate "2020.06.01"]
[SourceVersion "1"]
[SourceVersionDate "2020.06.01"]
[SourceQuality "1"]

1. g4 c6 2. h3 d5 3. Bg2 e5 4. d3 Bd6 5. c4 Ne7 6. Nc3 d4 7. Ne4 h5 8. g5 Ng6 9. Nf3 Bb4+ 10. Bd2 Bxd2+ 11. Qxd2 Nf4 12. Bf1 Qe7 13. Nxd4 O-O 14. O-O-O Rd8 15. e3 Nxd3+ 16. Bxd3 exd4 17. exd4 Rxd4 18. Qe3 Qd8 19. Rhg1 Na6 20. Nf6+ Kf8 21. Nh7+ Kg8 22. g6 f6 23. Rge1 Nc7 24. Qf3 Be6 25. Bf5 Bxf5 26. Qxf5 Rxc4+ 27. Kb1 Rd4 28. Qxh5 Rxd1+ 29. Rxd1 Qe7 30. Ng5 1-0

[Event "Titled Tuesday 2020.05.26"]
[Site "Chess.com INT"]
[Date "2020.05.26"]
[Round "1"]
[White "Palkovich, Denis"]
[Black "Golubka, Petro"]
[Result "0-1"]
[WhiteElo "2190"]
[BlackElo "2495"]
[WhiteFideId "-1"]
[BlackFideId "-1"]
[PlyCount "120"]
[GameId "1522301884051456"]
[EventDate "2020.05.26"]
[EventType "swiss (blitz)"]
[EventRounds "10"]
[EventCountry "NET"]
[SourceTitle "CBM 196 Extra"]
[Source "ChessBase"]
[SourceDate "2020.07.31"]
[SourceVersion "1"]
[SourceVersionDate "2020.07.31"]
[SourceQuality "1"]

1. d4 d5 2. Bf4 Nf6 3. e3 c5 4. c3 Nbd7 5. Nd2 a6 6. a4 e6 7. Bd3 Be7 8. Ngf3 O-O 9. Ne5 Nxe5 10. dxe5 Nd7 11. h4 f5 12. g4 c4 13. Bc2 Nc5 14. gxf5 exf5 15. h5 Be6 16. Rg1 Kh8 17. Qf3 Ne4 18. Qg2 Rf7 19. Nf3 Qd7 20. Nd4 Rg8 21. f3 Nc5 22. Ke2 Bd8 23. Qh3 Bb6 24. a5 Ba7 25. Rg5 Nd3 26. Bxd3 cxd3+ 27. Kxd3 Bxd4 28. exd4 Qb5+ 29. Kc2 Qe2+ 30. Bd2 Re8 31. Rag1 f4 32. Qg2 Bf5+ 33. Rxf5 Qxg2 34. Rxg2 Rxf5 35. h6 g5 36. Kd3 Re6 37. Rh2 b5 38. axb6 Rxb6 39. b4 Rc6 40. Bc1 Kg8 41. Ba3 Kf7 42. Rh1 Kg6 43. Rh2 Rf7 44. Re2 Kf5 45. Rb2 Rfc7 46. Rb3 Rxh6 47. Bb2 Rb6 48. Ra3 Rd7 49. Ra5 Rc6 50. b5 axb5 51. Rxb5 h5 52. Ba3 g4 53. Bd6 g3 54. Rb8 Rg7 55. Rf8+ Ke6 56. Rf6+ Kd7 57. Ke2 g2 58. e6+ Kxd6 59. e7+ Kxe7 60. Rxc6 g1=Q 0-1

[Event "Titled Tuesday 2020.05.26"]
[Site "Chess.com INT"]
[Date "2020.05.26"]
[Round "3"]
[White "Movsesian, Sergei"]
[Black "Golubka, Petro"]
[Result "0-1"]
[WhiteElo "2649"]
[BlackElo "2495"]
[WhiteFideId "-1"]
[BlackFideId "-1"]
[PlyCount "140"]
[GameId "1522301886402560"]
[EventDate "2020.05.26"]
[EventType "swiss (blitz)"]
[EventRounds "10"]
[EventCountry "NET"]
[SourceTitle "CBM 196 Extra"]
[Source "ChessBase"]
[SourceDate "2020.07.31"]
[SourceVersion "1"]
[SourceVersionDate "2020.07.31"]
[SourceQuality "1"]

1. e4 b6 2. Nc3 Bb7 3. Nf3 g6 4. Bc4 Bg7 5. d4 e6 6. Qe2 Ne7 7. h4 h6 8. Bf4 d6 9. O-O-O Nd7 10. g4 a6 11. Bb3 b5 12. Kb1 Nb6 13. Rhe1 Qd7 14. a3 O-O-O 15. Rd2 Kb8 16. Red1 Rhe8 17. Be3 f5 18. gxf5 gxf5 19. Rg1 Bf8 20. Bf4 fxe4 21. Nxe4 Ned5 22. Bh2 Qf7 23. Rd3 Be7 24. Ned2 Rg8 25. Re1 Bc8 26. Bg3 Bf6 27. Ka2 Rge8 28. c4 bxc4 29. Nxc4 Bd7 30. Rc1 Bb5 31. Na5 Qd7 32. Qc2 Bxd3 33. Nc6+ Kb7 34. Qxd3 Ra8 35. Nd2 a5 36. Ne4 Bg7 37. Qb5 a4 38. Bd1 Ne7 39. Na5+ Rxa5 40. Qxa5 Ra8 41. Qd2 Nf5 42. Bf3 Kb8 43. Qb4 Nxd4 44. Nc5 Qb5 45. Qxb5 Nxb5 46. Nxe6 Bf6 47. Bxa8 Nxa8 48. Rc4 Nb6 49. Rf4 Nd5 50. Rf5 c6 51. Nf4 Nd4 52. Nxd5 Nxf5 53. Nxf6 Kc7 54. h5 Kd8 55. Ng4 Ke7 56. Bf4 Ke6 57. Bxh6 c5 58. Bg5 d5 59. h6 Kf7 60. Bf6 Kg6 61. Kb1 d4 62. Be5 c4 63. Kc2 Kh7 64. Kd2 Kg6 65. Bf4 Kh7 66. Nf6+ Kg6 67. h7 Kg7 68. Be5 Kh8 69. Ke2 Nh4 70. Bxd4 Nf5 0-1

[Event "Titled Tuesday 2020.05.26"]
[Site "Chess.com INT"]
[Date "2020.05.26"]
[Round "4"]
[White "Golubka, Petro"]
[Black "Jumabayev, Rinat"]
[Result "0-1"]
[WhiteElo "2495"]
[BlackElo "2654"]
[WhiteFideId "-1"]
[BlackFideId "-1"]
[PlyCount "86"]
[GameId "1522301887135744"]
[EventDate "2020.05.26"]
[EventType "swiss (blitz)"]
[EventRounds "10"]
[EventCountry "NET"]
[SourceTitle "CBM 196 Extra"]
[Source "ChessBase"]
[SourceDate "2020.07.31"]
[SourceVersion "1"]
[SourceVersionDate "2020.07.31"]
[SourceQuality "1"]

1. e4 c5 2. Nf3 d6 3. d4 cxd4 4. Qxd4 Nf6 5. Nc3 Nc6 6. Bb5 Bd7 7. Bxc6 Bxc6 8. Bg5 e6 9. O-O-O Be7 10. Kb1 O-O 11. h3 Qa5 12. Qe3 b5 13. Nd4 Rfc8 14. f3 b4 15. Nce2 Be8 16. g4 Qc7 17. Rc1 a5 18. h4 a4 19. Bxf6 Bxf6 20. g5 Bxd4 21. Nxd4 a3 22. b3 Qc3 23. Qxc3 Rxc3 24. Rhf1 Rac8 25. Rf2 Kf8 26. Re1 Bd7 27. Kc1 g6 28. f4 e5 29. fxe5 dxe5 30. Nf3 R8c5 31. Nh2 Be6 32. Rg1 Bxb3 33. axb3 Rxb3 34. Kd2 Rb2 35. Rc1 b3 36. Kd3 a2 37. Rcf1 Rc7 38. Nf3 Rb1 39. Nd2 a1=Q 40. Rxb1 Qd4+ 41. Ke2 Rxc2 42. Ke1 b2 43. Re2 Rc1+ 0-1

[Event "Titled Tuesday 2020.05.26"]
[Site "Chess.com INT"]
[Date "2020.05.26"]
[Round "5"]
[White "Golubka, Petro"]
[Black "Sliwicki, Damian"]
[Result "1-0"]
[WhiteElo "2495"]
[BlackElo "2180"]
[WhiteFideId "-1"]
[BlackFideId "-1"]
[PlyCount "63"]
[GameId "1522301887819776"]
[EventDate "2020.05.26"]
[EventType "swiss (blitz)"]
[EventRounds "10"]
[EventCountry "NET"]
[SourceTitle "CBM 196 Extra"]
[Source "ChessBase"]
[SourceDate "2020.07.31"]
[SourceVersion "1"]
[SourceVersionDate "2020.07.31"]
[SourceQuality "1"]

1. e4 c5 2. b4 cxb4 3. a3 Nf6 4. e5 Nd5 5. axb4 Nxb4 6. c3 Nd5 7. Nf3 g6 8. Bc4 Nb6 9. Bb3 Bg7 10. h4 h6 11. d4 d6 12. exd6 Qxd6 13. Nbd2 Nc6 14. Ne4 Qc7 15. Qe2 Bg4 16. h5 Bxh5 17. Rxh5 gxh5 18. Ng3 Nxd4 19. Nxd4 Qxc3+ 20. Kf1 Qxa1 21. Bxf7+ Kxf7 22. Qe6+ Ke8 23. Qg6+ Kd8 24. Ne6+ Kc8 25. Ne2 Nd5 26. Nxg7 Qa6 27. Qf5+ e6 28. Nxe6 Ne7 29. Qe5 Qc6 30. Qxh8+ Kd7 31. Qxa8 Kxe6 32. Nd4+ 1-0

[Event "Titled Tuesday 2020.05.26"]
[Site "Chess.com INT"]
[Date "2020.05.26"]
[Round "8"]
[White "Piesik, Piotr"]
[Black "Golubka, Petro"]
[Result "1-0"]
[WhiteElo "2418"]
[BlackElo "2495"]
[WhiteFideId "-1"]
[BlackFideId "-1"]
[PlyCount "96"]
[GameId "1522301890777088"]
[EventDate "2020.05.26"]
[EventType "swiss (blitz)"]
[EventRounds "10"]
[EventCountry "NET"]
[SourceTitle "CBM 196 Extra"]
[Source "ChessBase"]
[SourceDate "2020.07.31"]
[SourceVersion "1"]
[SourceVersionDate "2020.07.31"]
[SourceQuality "1"]

1. Nf3 b5 2. g3 Bb7 3. Bg2 g5 4. O-O g4 5. Ne5 Bxg2 6. Kxg2 h5 7. d4 d6 8. Nd3 Nf6 9. a4 bxa4 10. Nc3 Nbd7 11. e4 e5 12. d5 h4 13. Bg5 hxg3 14. hxg3 Be7 15. Rh1 Rg8 16. Be3 Rb8 17. Rxa4 Nb6 18. Rxa7 Nc4 19. Bc1 Ra8 20. Rxa8 Qxa8 21. b3 Nb6 22. Be3 Qa5 23. Qd2 Kd7 24. Nb2 Rb8 25. Bxb6 Qxb6 26. Nc4 Qd4 27. Qxd4 exd4 28. Ne2 Nxe4 29. Nxd4 Nc3 30. Ne3 Rg8 31. Rh7 Ke8 32. Ndf5 Bf6 33. Nh6 Rh8 34. Rxh8+ Bxh8 35. Nhxg4 Kd7 36. f4 Bd4 37. Kf3 Bc5 38. Nf6+ Ke7 39. Ne4 Bxe3 40. Nxc3 Bd4 41. Nb5 Bb6 42. Ke4 Kf6 43. g4 Kg6 44. c4 f5+ 45. gxf5+ Kf6 46. Nd4 Bxd4 47. Kxd4 Kxf5 48. Ke3 Kf6 1-0

[Event "Titled Tuesday 2020.05.19"]
[Site "chess.com INT"]
[Date "2020.05.19"]
[Round "1"]
[White "Kuznetsov, Mikhail V"]
[Black "Golubka, Petro"]
[Result "0-1"]
[WhiteElo "2234"]
[BlackElo "2495"]
[WhiteFideId "-1"]
[BlackFideId "-1"]
[PlyCount "44"]
[GameId "2130307596867904"]
[EventDate "2020.05.19"]
[EventType "swiss"]
[EventRounds "10"]
[EventCountry "NET"]
[SourceTitle "10 Days #616"]
[Source "ChessMix"]
[SourceDate "2020.06.01"]
[SourceVersion "1"]
[SourceVersionDate "2020.06.01"]
[SourceQuality "1"]

1. d4 d5 2. c4 e6 3. Nf3 c5 4. g3 Nc6 5. Bg2 Nf6 6. O-O Be7 7. cxd5 exd5 8. dxc5 Bxc5 9. Nc3 O-O 10. Bg5 d4 11. Bxf6 Qxf6 12. Ne4 Qe7 13. Nxc5 Qxc5 14. a3 Qb6 15. b4 a5 16. Rb1 axb4 17. axb4 Bf5 18. b5 Bxb1 19. bxc6 Be4 20. cxb7 Rad8 21. Ng5 Bxg2 22. Qc2 d3 0-1

[Event "Titled Tuesday 2020.05.19"]
[Site "chess.com INT"]
[Date "2020.05.19"]
[Round "3"]
[White "Golubka, Petro"]
[Black "Aravindh, Chithambaram VR"]
[Result "1-0"]
[WhiteElo "2495"]
[BlackElo "2641"]
[WhiteFideId "-1"]
[BlackFideId "-1"]
[PlyCount "49"]
[GameId "2130307596888837"]
[EventDate "2020.05.19"]
[EventType "swiss"]
[EventRounds "10"]
[EventCountry "NET"]
[SourceTitle "10 Days #616"]
[Source "ChessMix"]
[SourceDate "2020.06.01"]
[SourceVersion "1"]
[SourceVersionDate "2020.06.01"]
[SourceQuality "1"]

1. e4 c5 2. Nf3 d6 3. d4 cxd4 4. Nxd4 Nf6 5. Nc3 a6 6. Bg5 Nbd7 7. Bc4 e6 8. O-O b5 9. Bb3 Nc5 10. Re1 Bb7 11. Bd5 exd5 12. exd5+ Kd7 13. b4 h6 14. Nc6 Bxc6 15. dxc6+ Kxc6 16. Bxf6 gxf6 17. bxc5 d5 18. Qf3 b4 19. Na4 Bxc5 20. c4 Qd6 21. cxd5+ Kb5 22. Nxc5 Qxc5 23. Rec1 Qd4 24. Rd1 Qc5 25. Rac1 1-0

[Event "Titled Tuesday 2020.05.19"]
[Site "chess.com INT"]
[Date "2020.05.19"]
[Round "4"]
[White "Moskalenko, Alexander"]
[Black "Golubka, Petro"]
[Result "1/2-1/2"]
[WhiteElo "2515"]
[BlackElo "2495"]
[WhiteFideId "-1"]
[BlackFideId "-1"]
[PlyCount "178"]
[GameId "2130307596901437"]
[EventDate "2020.05.19"]
[EventType "swiss"]
[EventRounds "10"]
[EventCountry "NET"]
[SourceTitle "10 Days #616"]
[Source "ChessMix"]
[SourceDate "2020.06.01"]
[SourceVersion "1"]
[SourceVersionDate "2020.06.01"]
[SourceQuality "1"]

1. e4 e5 2. Nf3 Nc6 3. Nc3 Nf6 4. d4 Bb4 5. dxe5 Nxe4 6. Qd3 d5 7. a3 Bxc3+ 8. bxc3 O-O 9. c4 Be6 10. Bb2 Na5 11. cxd5 Qxd5 12. Qxd5 Bxd5 13. Be2 Bc4 14. Rd1 Rad8 15. Nd2 Nxd2 16. Rxd2 Rxd2 17. Kxd2 Rd8+ 18. Ke3 Bxe2 19. Kxe2 Nc4 20. Bc3 Nxa3 21. Ra1 Nb5 22. Bb2 a6 23. Ke3 Na7 24. c4 Nc6 25. f4 g6 26. Bc3 h5 27. h3 Kf8 28. g4 hxg4 29. hxg4 Ke7 30. Rb1 b6 31. Rh1 b5 32. cxb5 axb5 33. Ke4 b4 34. Ba1 Rd2 35. Rc1 Kd7 36. f5 gxf5+ 37. gxf5 b3 38. Rb1 Re2+ 39. Kd3 Ra2 40. Kc4 Na5+ 41. Kb5 c6+ 42. Kb4 c5+ 43. Kxc5 Rf2 44. Bc3 Nb7+ 45. Kd5 Rxf5 46. Rxb3 Nd8 47. Ra3 Rf3 48. Ra7+ Kc8 49. Ra8+ Kd7 50. Ra7+ Kc8 51. Ba5 Ne6 52. Kd6 Kb8 53. Bb6 Rb3 54. Bg1 Rb7 55. Ra2 Kc8 56. Ra8+ Rb8 57. Ra7 Rb7 58. Ra8+ Rb8 59. Ra1 Rb7 60. Be3 Rd7+ 61. Kc6 Rc7+ 62. Kd5 Rd7+ 63. Ke4 Kb7 64. Kf5 Nc7 65. Bc5 Kc6 66. Bd6 Ne6 67. Kf6 Kd5 68. Ra5+ Ke4 69. Ra8 Kd5 70. Rh8 Ke4 71. Rh4+ Kd5 72. Bb8 Kc6 73. Rc4+ Kd5 74. Rc1 Ke4 75. Bd6 Kd5 76. Kf5 Nd4+ 77. Kf6 Ne6 78. Re1 Kd4 79. Be7 Kc4 80. Kxf7 Nd4 81. e6 Rb7 82. Rc1+ Kd3 83. Rd1+ Ke4 84. Kf8 Nxe6+ 85. Ke8 Nf4 86. Bd8 Rb3 87. Rd7 Re3 88. Re7+ Kf3 89. Rxe3+ Kxe3 1/2-1/2

[Event "Titled Tuesday 2020.05.19"]
[Site "chess.com INT"]
[Date "2020.05.19"]
[Round "5"]
[White "Golubka, Petro"]
[Black "Jumabayev, Rinat"]
[Result "1-0"]
[WhiteElo "2495"]
[BlackElo "2654"]
[WhiteFideId "-1"]
[BlackFideId "-1"]
[PlyCount "53"]
[GameId "2130307596913883"]
[EventDate "2020.05.19"]
[EventType "swiss"]
[EventRounds "10"]
[EventCountry "NET"]
[SourceTitle "10 Days #616"]
[Source "ChessMix"]
[SourceDate "2020.06.01"]
[SourceVersion "1"]
[SourceVersionDate "2020.06.01"]
[SourceQuality "1"]

1. e4 c5 2. Nf3 d6 3. d4 cxd4 4. Nxd4 Nf6 5. Nc3 Nc6 6. Bg5 e6 7. Qd2 a6 8. O-O-O Bd7 9. f4 Be7 10. Nf3 b5 11. e5 b4 12. exf6 bxc3 13. Qxc3 gxf6 14. Bh4 a5 15. a3 Rc8 16. Qe3 Qc7 17. Rd2 h5 18. Bb5 Rb8 19. a4 Nb4 20. Bxd7+ Qxd7 21. b3 d5 22. f5 Na2+ 23. Kb2 Qxa4 24. Ra1 Qa3+ 25. Kb1 Bc5 26. Qd3 Nb4 27. Qc3 1-0

[Event "Titled Tuesday 2020.05.19"]
[Site "chess.com INT"]
[Date "2020.05.19"]
[Round "6"]
[White "Terry, Renato"]
[Black "Golubka, Petro"]
[Result "1-0"]
[WhiteElo "2504"]
[BlackElo "2495"]
[WhiteFideId "-1"]
[BlackFideId "-1"]
[PlyCount "87"]
[GameId "2130307596926516"]
[EventDate "2020.05.19"]
[EventType "swiss"]
[EventRounds "10"]
[EventCountry "NET"]
[SourceTitle "10 Days #616"]
[Source "ChessMix"]
[SourceDate "2020.06.01"]
[SourceVersion "1"]
[SourceVersionDate "2020.06.01"]
[SourceQuality "1"]

1. d4 d5 2. Nf3 e6 3. c4 c5 4. dxc5 Bxc5 5. e3 Nf6 6. a3 a5 7. Be2 O-O 8. O-O Nc6 9. Nc3 Ne7 10. b3 b6 11. Bb2 Bb7 12. Na4 dxc4 13. Nxc5 bxc5 14. Bxc4 Ba6 15. Rc1 Bb7 16. a4 Qb6 17. Ne5 Rfd8 18. Qe2 Ned5 19. Rfd1 Rac8 20. Bb5 Nb4 21. Nc4 Qa7 22. Bxf6 gxf6 23. Qg4+ Kf8 24. Nd6 Rb8 25. Qh4 Bd5 26. Qxf6 Rxd6 27. e4 Rbd8 28. exd5 Nxd5 29. Qh8+ Ke7 30. Qxh7 Nf6 31. Qc2 Rxd1+ 32. Rxd1 Rxd1+ 33. Qxd1 Qc7 34. h3 Qe5 35. Qd2 Qa1+ 36. Kh2 Ne4 37. Qe3 f5 38. g3 Qb2 39. Kg2 Kf6 40. Bc4 Qd4 41. Qxd4+ cxd4 42. h4 Nc5 43. f4 d3 44. Kf2 1-0